Football Clubs With Most League Titles In Different Countries - Statistics

General Stats
  • This quiz has been taken 83 times
  • The average score is 13 of 17
Answer Stats
Hint Answer % Correct
Germany Bayern Munich
100%
England Manchester United
99%
Spain Real Madrid
99%
Scotland Celtic
96%
Italy Juventus
96%
The Netherlands Ajax
94%
Portugal Benfica SL
94%
Argentina River Plate
88%
Belgium Anderlecht
81%
Ukraine Dynamo Kyiv
81%
Greece Olympiacos
70%
United States Los Angeles Galaxy
69%
Russia Spartak Moscow
65%
Brazil Santos
61%
France Saint-Etienne
49%
Mexico Club America
34%
Poland Wisla Krakow
17%
No matching quizzes found
Score Distribution
Percent of People with Each Score
Percentile by Number Answered
Your Score History
You have not taken this quiz